|
|
|
|
| LEADER |
00000cam a2200000 7i4500 |
| 001 |
0000077605 |
| 005 |
20120217.0 |
| 008 |
101203 eng |
| 020 |
|
|
|a 9838911119
|
| 090 |
0 |
0 |
|a J 398.2 SER
|
| 100 |
0 |
|
|a Story By Amer Haji Matsom
|
| 245 |
0 |
0 |
|a Badang's Ambition
|c Story By Amer Haji Matsom
|
| 260 |
|
|
|a Kuala Lumpur
|a Penerbit Orkid ,
|c 1994
|
| 300 |
|
|
|a 28p. :
|b ill. ;
|c 28cm.
|
| 440 |
|
0 |
|a Folk Tales Of Malaysia Series
|
| 650 |
0 |
0 |
|a Folklore English
|
| 999 |
|
|
|a 0000416661
|b Buku
|c Koleksi Pinjaman Kanak-Kanak
|e Perpustakaan Cawangan Jasin
|
| 999 |
|
|
|a 2348
|b Buku
|c Koleksi Pinjaman Kanak-Kanak
|e Perpustakaan Cawangan Merlimau
|